[Event "I Torneo Chiuso"]
[Site "Maranello ITA"]
[Date "2013.06.23"]
[Round "9"]
[White "Luciani, Valerio"]
[Black "Sriram, Jha"]
[Result "0-1"]
[WhiteElo "2239"]
[BlackElo "2417"]
[PlyCount "64"]
[EventDate "2013.06.17"]

1. d4 Nf6 2. c4 c6 3. Nc3 d5 4. cxd5 cxd5 5. Bf4 Nc6 6. e3 a6 7. Bd3 Bg4 8.
Nge2 e6 9. Rc1 Be7 10. Qb3 Bxe2 11. Bxe2 Na5 12. Qa4+ b5 13. Nxb5 axb5 14.
Bxb5+ Kf8 15. O-O Nc4 16. Rxc4 Rxa4 17. Rxa4 g5 18. Be5 Qb6 19. Ra8+ Kg7 20.
Rxh8 Kxh8 21. a4 Qa5 22. f4 Kg8 23. h3 Ne4 24. Rc1 f6 25. Bc7 Qd2 26. Rf1 Qxe3+
27. Kh2 Nd2 28. Ra1 gxf4 29. a5 e5 30. a6 Qg3+ 31. Kh1 f3 32. Rg1 f2 0-1

[Event "I Torneo Chiuso"]
[Site "Maranello ITA"]
[Date "2013.06.23"]
[Round "9"]
[White "Di Paolo, Raffaele"]
[Black "Petkov, Vladimir"]
[Result "0-1"]
[WhiteElo "2289"]
[BlackElo "2545"]
[PlyCount "65"]
[EventDate "2013.06.17"]

1. e4 c5 2. Nf3 d6 3. c3 Nf6 4. Be2 g6 5. O-O Bg7 6. Re1 O-O 7. Bf1 Bg4 8. h3
Bxf3 9. Qxf3 Nc6 10. d3 Nd7 11. Na3 Rb8 12. Nc2 b5 13. a3 a5 14. Bd2 b4 15.
axb4 axb4 16. Reb1 Na5 17. Qd1 Nb3 18. cxb4 Nxa1 19. Rxa1 Bxb2 20. Rb1 Bg7 21.
b5 Ra8 22. Ne3 Nb6 23. Qb3 Qd7 24. Be2 Rfb8 25. Bf3 Ra1 26. Rxa1 Bxa1 27. Ng4
Qe6 28. Qb1 Bd4 29. Nh6+ Kg7 30. Bg4 Qf6 31. Bf3 Ra8 32. e5 Qh4 33. Qe1 0-1

[Event "I Torneo Chiuso"]
[Site "Maranello ITA"]
[Date "2013.06.23"]
[Round "9"]
[White "Vijayalakshmi, Subbaraman"]
[Black "Sochacki, Wojtek"]
[Result "1/2-1/2"]
[WhiteElo "2378"]
[BlackElo "2286"]
[PlyCount "178"]
[EventDate "2013.06.17"]

1. Nf3 c5 2. g3 d5 3. Bg2 Nc6 4. d4 Nf6 5. O-O Bg4 6. Ne5 cxd4 7. Nxg4 Nxg4 8.
e3 Nf6 9. exd4 e6 10. c3 Bd6 11. a4 O-O 12. Na3 a6 13. Nc2 Na5 14. Ne1 Qb6 15.
b4 Nc4 16. a5 Qc7 17. Nd3 b6 18. axb6 Qxb6 19. Nc5 h6 20. g4 Qc7 21. Rxa6 Bxh2+
22. Kh1 Bf4 23. Qf3 Bxc1 24. Rxc1 Rxa6 25. Nxa6 Qa7 26. Ra1 Ne4 27. Kg1 Ra8 28.
Qd3 Ned2 29. Ra2 Qb6 30. b5 Nb3 31. Qb1 Qxb5 32. Nc7 Rxa2 33. Nxb5 Ra1 34. Qxa1
Nxa1 35. Bf1 Nd2 36. Be2 Nab3 37. f3 Kf8 38. Kf2 Na5 39. Bd3 Ndc4 40. Nc7 Ke7
41. Na6 Nd6 42. Ke2 Nac4 43. Nc5 g6 44. Bc2 Nb5 45. Na4 Kd7 46. Bb3 Kc6 47. Kd3
Nbd6 48. Nc5 Nb6 49. Kc2 Nb7 50. Nd3 Nd6 51. Ne5+ Kc7 52. Kd1 Nd7 53. Nd3 Nc4
54. Ke2 Kd6 55. Nf4 Ke7 56. Nd3 Nd6 57. Ke3 Nb6 58. Nf4 Kf6 59. Kf2 Kg5 60. Kg3
Nbc4 61. Ba4 Nb6 62. Bc2 Nb5 63. Ne2 f5 64. Bd3 Nc4 65. Nf4 Kf6 66. gxf5 gxf5
67. Ne2 Nbd6 68. Nf4 Nf7 69. Nh5+ Ke7 70. Nf4 Nh8 71. Kh4 Nd2 72. Be2 Nf7 73.
Kg3 Nd6 74. Bd3 Nb3 75. Kh4 Nc1 76. Ba6 Nf7 77. c4 Nb3 78. cxd5 Nxd4 79. dxe6
Nxe6 80. Nd5+ Kd6 81. Ne3 Ke5 82. Bc4 Neg5 83. Bxf7 Nxf7 84. Ng2 Kf6 85. Kh5
Ng5 86. Kxh6 Nxf3 87. Ne3 f4 88. Nd5+ Kf5 89. Nxf4 Kxf4 1/2-1/2

[Event "I Torneo Chiuso"]
[Site "Maranello ITA"]
[Date "2013.06.23"]
[Round "9"]
[White "Lettieri, Giuseppe"]
[Black "Istvanovszki, Martin"]
[Result "1-0"]
[WhiteElo "2393"]
[BlackElo "2350"]
[PlyCount "131"]
[EventDate "2013.06.17"]

1. e4 c5 2. Nf3 d6 3. d4 cxd4 4. Nxd4 Nf6 5. Nc3 g6 6. Be3 Bg7 7. f3 O-O 8. Qd2
Nc6 9. Bc4 Bd7 10. O-O-O Ne5 11. Bb3 Rc8 12. Kb1 Nc4 13. Bxc4 Rxc4 14. g4 Qb8
15. b3 Rcc8 16. g5 Nh5 17. Nd5 Rfe8 18. Ne2 Be6 19. Ng3 Bxd5 20. exd5 Qc7 21.
c4 b5 22. cxb5 Nxg3 23. hxg3 Qd7 24. g4 Qxb5 25. Qh2 Qb4 26. Rd3 Qb5 27. Qxh7+
Kf8 28. Rhd1 Rc4 29. Qh2 Rec8 30. Qf2 Ke8 31. Qd2 Bc3 32. Qe2 Ra4 33. Rc1 Kd7
34. Qc2 Rxa2 35. Qxc3 Rxc3 36. Rdxc3 Qxd5 37. Kxa2 Qxf3 38. Rc7+ Ke6 39. Bxa7
Qxg4 40. Re1+ Kd5 41. Rexe7 Qxg5 42. Rxf7 Qd2+ 43. Ka3 Qe1 44. Ka4 Qe2 45. Rg7
Qa2+ 46. Kb4 Qd2+ 47. Kb5 Qd3+ 48. Ka4 Qa6+ 49. Kb4 Qd3 50. Rc4 Qd2+ 51. Kb5
Qe2 52. Rb7 Qa2 53. Rd4+ Ke6 54. Kb4 Qa1 55. Re4+ Kd5 56. Re3 Qd1 57. Rb5+ Kc6
58. Rc3+ Kd7 59. Be3 Qg4+ 60. Ka3 Qd1 61. Rg5 Qa1+ 62. Kb4 Qb1 63. Rd5 Qe4+ 64.
Rd4 Qe5 65. Ka3 Qa5+ 66. Kb2 1-0

[Event "Memorial Mikhail Tal"]
[Site "Mosca RUS"]
[Date "2013.06.21"]
[Round "7"]
[White "Karjakin, Sergey"]
[Black "Caruana, Fabiano"]
[WhiteElo "2782"]
[BlackElo "2774"]
[Result "1/2-1/2"]
[PlyCount "275"]
[EventDate "2013.06.13"]

1. e4 e5 2. Nf3 Nc6 3. Bb5 a6 4. Ba4 Nf6 5. O-O Be7 6. Re1 b5 7. Bb3 O-O 8. a4
b4 9. d3 d6 10. Nbd2 Na5 11. Ba2 c5 12. c3 Rb8 13. Nc4 Nc6 14. h3 Be6 15. Ng5
Bd7 16. f4 Rb7 17. a5 Qb8 18. Nb6 Be8 19. fxe5 dxe5 20. Be3 Qd8 21. Nf3 Bd6 22.
Nd5 Nxd5 23. Bxd5 bxc3 24. bxc3 Rb5 25. Nd2 Ne7 26. Bc4 Rxa5 27. Bxa6 Rxa1 28.
Qxa1 Ng6 29. Bc4 Bd7 30. Qa7 Nf4 31. Nf3 Be6 32. Bxf4 Bxc4 33. dxc4 exf4 34. e5
Be7 35. Rb1 Qd3 36. Re1 Re8 37. e6 fxe6 38. Rxe6 Kf8 39. Qc7 Qxc3 40. Qxf4+ Bf6
41. Qd6+ Be7 42. Qf4+ Bf6 43. Qd6+ Be7 44. Qd5 g6 45. Re1 Rd8 46. Qb7 Qf6 47.
Ne5 Qd6 48. Kh1 Re8 49. Qe4 Qe6 50. Qf4+ Kg8 51. Nf3 Qf7 52. Qe5 h6 53. Qe4 Kg7
54. Kg1 Qf6 55. Qb7 Qd6 56. Kh1 Kg8 57. Qe4 Kg7 58. Qe3 Qf6 59. Nh2 Qg5 60. Qe6
Qf5 61. Qc6 Qf7 62. Qd7 Kf8 63. Qc6 Kg7 64. Nf3 Rd8 65. Qc7 Bf6 66. Qxc5 Rd7
67. Qb4 Rb7 68. Qa4 Qc7 69. Qc2 Qc5 70. Qd3 Rc7 71. Re4 Ra7 72. Re1 Rc7 73. Rc1
Re7 74. Qc2 h5 75. Qd2 g5 76. Nh2 Re4 77. Qd7+ Qe7 78. Qxe7+ Bxe7 79. g4 Re3
80. c5 Rxh3 81. c6 Bd6 82. c7 Bxc7 83. Rxc7+ Kg6 84. Rc6+ Kf7 85. Kg2 hxg4 86.
Nxg4 Ra3 87. Ne5+ Ke7 88. Nf3 Ra5 89. Kg3 Rf5 90. Ng1 Rf4 91. Nh3 Rf6 92. Rc5
Kd6 93. Ra5 Kc7 94. Kg4 Kb6 95. Ra1 Rd6 96. Nxg5 Kb5 97. Kf4 Kc6 98. Ne4 Rd8
99. Rc1+ Kb6 100. Ke5 Rh8 101. Nf6 Rh2 102. Kd6 Kb5 103. Rc5+ Kb4 104. Nd5+ Kb3
105. Rc3+ Kb2 106. Rg3 Kc2 107. Ne3+ Kb2 108. Kc5 Rh4 109. Rf3 Rh5+ 110. Kd4
Rh4+ 111. Kd3 Kb3 112. Rf5 Rb4 113. Nc2 Rb6 114. Ra5 Rb7 115. Ra6 Rd7+ 116.
Nd4+ Kb4 117. Rc6 Rd8 118. Rc4+ Ka5 119. Kc3 Kb6 120. Rb4+ Ka6 121. Kc4 Rc8+
122. Kd5 Ka5 123. Rb1 Rc3 124. Ne6 Rh3 125. Kc4 Rh4+ 126. Nd4 Ka6 127. Kc5 Rh5+
128. Kd6 Rh6+ 129. Ne6 Ka5 130. Kc5 Rh5+ 131. Kc4 Rh4+ 132. Nd4 Ka6 133. Kc5
Rh5+ 134. Kd6 Rh6+ 135. Ne6 Ka5 136. Rb2 Ka4 137. Kd5 Rh5+ 138. Ke4 1/2-1/2

[Event "C.to Regionale Friuli-Venezia Giulia"]
[Site "Muggia ITA"]
[Date "2013.06.??"]
[Round "3"]
[White "Buzzurro, Mario"]
[Black "Varini, Massimo"]
[WhiteElo "1761"]
[BlackElo "2080"]
[Result "0-1"]
[PlyCount "72"]
[EventDate "2013.06.18"]

1. f4 c5 2. c3 Nc6 3. Nf3 d5 4. g3 Nf6 5. d3 e6 6. Bg2 Be7 7. O-O b6 8. Na3 Bb7
9. Qa4 O-O 10. h3 a6 11. e4 b5 12. Qc2 b4 13. Nb1 a5 14. Bd2 dxe4 15. dxe4 Ba6
16. Rd1 Bd3 17. Qa4 Bxe4 18. Be1 Qb6 19. Bf2 Rfd8 20. Nbd2 Bd3 21. Ne5 Bb5 22.
Ndc4 Qa6 23. Qc2 Nd5 24. Nxc6 Bxc6 25. Ne5 Bb7 26. a3 Rac8 27. axb4 cxb4 28. c4
f6 29. Be4 fxe5 30. Bxh7+ Kh8 31. fxe5 Nc3 32. bxc3 Qc6 33. Bd4 Qh1+ 34. Kf2
Qg2+ 35. Ke3 Qf3+ 36. Kd2 Bg5+ 0-1

[Event "II Festival Server24 A"]
[Site "Ortisei - Sankt Ulrich in Groeden ITA"]
[Date "2013.06.01"]
[Round "1"]
[White "Astengo, Corrado"]
[Black "Burmakin, Vladimir"]
[WhiteElo "2144"]
[BlackElo "2575"]
[Result "0-1"]
[PlyCount "64"]
[EventDate "2013.06.01"]

1. e4 g6 2. d4 Bg7 3. Nc3 c6 4. Bc4 d6 5. Nf3 Nf6 6. Qe2 d5 7. exd5 cxd5 8.
Bb5+ Nbd7 9. O-O O-O 10. Re1 Re8 11. Ne5 a6 12. Ba4 b5 13. Bb3 Bb7 14. a4 b4
15. Na2 a5 16. c3 Nxe5 17. dxe5 Ne4 18. cxb4 Bxe5 19. b5 Qd6 20. h3 Bh2+ 21.
Kh1 d4 22. Bc2 d3 23. Bxd3 Nxf2+ 24. Qxf2 Bg3 25. Qf1 Bxe1 26. Bc4 Bg3 27.
Bxf7+ Kg7 28. Bxe8 Rxe8 29. Be3 Qe6 30. Bd4+ Kg8 31. Kg1 Qe4 32. Rd1 Rf8 0-1

[Event "II Festival Server24 A"]
[Site "Ortisei - Sankt Ulrich in Groeden ITA"]
[Date "2013.06.01"]
[Round "1"]
[White "Astengo, Marcello"]
[Black "Kveinys, Aloyzas"]
[WhiteElo "2093"]
[BlackElo "2479"]
[Result "0-1"]
[PlyCount "38"]
[EventDate "2013.06.01"]

1. d4 Nf6 2. c4 e6 3. Nf3 d5 4. Bg5 h6 5. Bh4 dxc4 6. e3 b5 7. Be2 Bb4+ 8. Kf1
Nbd7 9. b3 O-O 10. bxc4 bxc4 11. Bxc4 c5 12. Qb3 Qb6 13. Nc3 Bxc3 14. Qxc3 Ba6
15. Bxf6 Nxf6 16. dxc5 Qxc5 17. Rc1 Rac8 18. Nd2 Rfd8 19. Ke2 Rxd2+ 0-1

[Event "II Festival Server24 A"]
[Site "Ortisei - Sankt Ulrich in Groeden ITA"]
[Date "2013.06.01"]
[Round "1"]
[White "Bertagnolli, Alexander"]
[Black "Neubauer, Kai"]
[WhiteElo "2329"]
[BlackElo "2013"]
[Result "0-1"]
[PlyCount "80"]
[EventDate "2013.06.01"]

1. f4 d5 2. b3 Nf6 3. Bb2 Bf5 4. Nf3 e6 5. e3 Be7 6. d3 h6 7. h3 Bg6 8. g4 c5
9. Bg2 Nc6 10. Nbd2 Qc7 11. O-O O-O 12. Nh4 Nd7 13. Nxg6 fxg6 14. c4 d4 15. Qe2
e5 16. exd4 cxd4 17. Be4 exf4 18. Bxc6 Qxc6 19. Qxe7 Rae8 20. Qh4 Re2 21. Rf2
g5 22. Qh5 Rxf2 23. Kxf2 Nf6 24. Nf3 Nxh5 25. gxh5 Qe6 26. Bxd4 Qxh3 27. Rg1
Qxh5 28. Ne5 Qh4+ 29. Kf1 f3 30. Bf2 Qh3+ 31. Ke1 Re8 32. d4 Qf5 33. Kd2 Rxe5
34. dxe5 Qxe5 35. Re1 Qb2+ 36. Ke3 Qc3+ 37. Ke4 Qf6 38. Bg3 g4 39. Bf2 h5 40.
Kd5 h4 0-1

[Event "II Festival Server24 A"]
[Site "Ortisei - Sankt Ulrich in Groeden ITA"]
[Date "2013.06.01"]
[Round "1"]
[White "Collutiis, Duilio"]
[Black "Herbold, Manfred"]
[WhiteElo "2465"]
[BlackElo "2091"]
[Result "1/2-1/2"]
[PlyCount "125"]
[EventDate "2013.06.01"]

1. g3 Nc6 2. Bg2 e5 3. c4 Bc5 4. Nc3 Nf6 5. a3 a6 6. e3 d6 7. Nge2 O-O 8. h3
Re8 9. d3 Ba7 10. O-O Ne7 11. b4 c6 12. Bb2 Be6 13. Rc1 Qd7 14. Kh2 Rad8 15.
Qc2 Ng6 16. e4 d5 17. exd5 cxd5 18. cxd5 Nxd5 19. Ne4 Nde7 20. Rfd1 Nc6 21. Nc5
Bxc5 22. Qxc5 Bd5 23. Bxd5 Qxd5 24. Qxd5 Rxd5 25. Nc3 Rdd8 26. Ne4 Re7 27. Nc5
Nd4 28. Kg2 Nf8 29. Re1 f6 30. f4 Ng6 31. fxe5 Nxe5 32. Re4 Ne6 33. Nxe6 Rxe6
34. d4 Rc6 35. dxe5 Rd2+ 36. Kf3 Rxb2 37. Rxc6 bxc6 38. exf6 gxf6 39. Re3 Kf7
40. Ke4 a5 41. bxa5 Rb5 42. a6 Ra5 43. Kd4 Rxa6 44. Kc5 Kg6 45. Kd6 f5 46. Kc7
c5 47. Kb7 Ra4 48. Kb6 Re4 49. Rc3 h5 50. Kxc5 h4 51. gxh4 f4 52. Kb5 Re3 53.
Kc4 Re4+ 54. Kd3 Ra4 55. Ke2 Kh5 56. Kd2 Kxh4 57. Kc2 Re4 58. Rf3 Kg5 59. Kb3
Kf5 60. a4 Re8 61. a5 Ke4 62. Rf1 Rh8 63. Kb4 1/2-1/2

[Event "II Festival Server24 A"]
[Site "Ortisei - Sankt Ulrich in Groeden ITA"]
[Date "2013.06.01"]
[Round "1"]
[White "Meertens, Martin"]
[Black "Nisipeanu, Liviu-Dieter"]
[WhiteElo "2165"]
[BlackElo "2667"]
[Result "0-1"]
[PlyCount "64"]
[EventDate "2013.06.01"]

1. e4 c5 2. Nf3 e6 3. d4 cxd4 4. Nxd4 Nf6 5. Nc3 d6 6. Be2 Be7 7. O-O O-O 8. f4
Nc6 9. Be3 Qc7 10. Kh1 Nxd4 11. Qxd4 b6 12. e5 dxe5 13. fxe5 Nd7 14. Bf3 Ba6
15. Bxa8 Bxf1 16. Rxf1 Rxa8 17. Qe4 Rc8 18. Bd4 a6 19. Qf3 Rf8 20. Qe2 b5 21.
Nd1 Bc5 22. c3 Qa7 23. Rf4 Bxd4 24. cxd4 Rd8 25. h4 Nf8 26. Qe3 Ng6 27. Re4 Ne7
28. Nc3 Nf5 29. Qg5 Rxd4 30. Ne2 h6 31. Qf4 Rxe4 32. Qxe4 Qf2 0-1

[Event "II Festival Server24 A"]
[Site "Ortisei - Sankt Ulrich in Groeden ITA"]
[Date "2013.06.01"]
[Round "1"]
[White "Oussedik, Elias"]
[Black "Herzog, Adolf"]
[WhiteElo "2058"]
[BlackElo "2401"]
[Result "1/2-1/2"]
[PlyCount "174"]
[EventDate "2013.06.01"]

1. d4 d5 2. c4 c6 3. Nc3 Nf6 4. e3 e6 5. Qc2 Nbd7 6. Nf3 Bd6 7. Be2 O-O 8. O-O
dxc4 9. Bxc4 b5 10. Bd3 Bb7 11. h3 a6 12. Ng5 h6 13. Nge4 Nxe4 14. Nxe4 Be7 15.
Rd1 Qb6 16. Bd2 f5 17. Ng3 c5 18. Rac1 c4 19. Bf1 Bd6 20. b3 cxb3 21. Qxb3 Bd5
22. Qb2 Nf6 23. Ne2 Ne4 24. Be1 Qd8 25. f3 Nf6 26. Bb4 Bxb4 27. Qxb4 Bxa2 28.
Nf4 Nd5 29. Qa3 Nxf4 30. Qxa2 Nd5 31. e4 fxe4 32. fxe4 Ne3 33. Qxe6+ Kh8 34.
Rd2 Qg5 35. Qa2 Nxf1 36. Rxf1 Qe3+ 37. Rff2 Rxf2 38. Rxf2 Qxd4 39. Kh1 Qxe4 40.
Qf7 b4 41. Rf4 Qe1+ 42. Rf1 Qe8 43. Qc4 a5 44. Rf5 Qg8 45. Qd4 b3 46. Rh5 Qe6
47. Rb5 Qf7 48. Qa4 Rc8 49. Rxb3 Rc1+ 50. Kh2 Qc7+ 51. Rg3 Qe5 52. Qa3 Rc5 53.
Kh1 Qe1+ 54. Kh2 Qb4 55. Qd3 Qb8 56. Kh1 a4 57. Qa3 Rf5 58. Qd3 Rb5 59. Qc3
Rb1+ 60. Kh2 Rb7 61. Kh1 Qc7 62. Qe3 Rb1+ 63. Kh2 Rb8 64. Kh1 Ra8 65. Qe4 Rf8
66. Qd3 Rd8 67. Qf3 Rb8 68. Qe3 Qd6 69. Qc3 Qf6 70. Qc4 Ra8 71. Qe4 Qa6 72. Qe5
Qf1+ 73. Kh2 Qf8 74. Rg6 Kh7 75. Qe4 Kg8 76. Qd5+ Kh8 77. Qe5 Kh7 78. Qe4 Qb8+
79. Kh1 Kh8 80. Rb6 Qd8 81. Rd6 Qa5 82. Re6 Qa7 83. Qe5 Qf7 84. Re7 Qf6 85.
Re8+ Rxe8 86. Qxe8+ Kh7 87. Qxa4 Qd8 1/2-1/2

[Event "II Festival Server24 A"]
[Site "Ortisei - Sankt Ulrich in Groeden ITA"]
[Date "2013.06.01"]
[Round "1"]
[White "Panjkovic, Aleksandar"]
[Black "Khenkin, Igor"]
[WhiteElo "2147"]
[BlackElo "2601"]
[Result "0-1"]
[PlyCount "82"]
[EventDate "2013.06.01"]

1. e4 c6 2. d4 d5 3. exd5 cxd5 4. Bd3 Nc6 5. c3 Qc7 6. Ne2 Bg4 7. f3 Bd7 8. f4
g6 9. Nd2 Nf6 10. Nf3 Bf5 11. Ne5 Bxd3 12. Qxd3 e6 13. Be3 Bd6 14. O-O Ne7 15.
Qb5+ Kf8 16. Rae1 h5 17. Bc1 a6 18. Qd3 b5 19. Kh1 Kg7 20. Ng1 Ne4 21. Qf3 Nf5
22. Nh3 b4 23. Ng5 Nxg5 24. fxg5 bxc3 25. bxc3 Rhc8 26. Bd2 Rab8 27. Re2 Rb2
28. Be1 Rxe2 29. Qxe2 Bxe5 30. dxe5 Qc4 31. Rf2 Qa4 32. Qb2 Rc4 33. Re2 Re4 34.
Kg1 Qc4 35. Rxe4 dxe4 36. Qb6 e3 37. Qb2 Qd3 38. g3 Qd1 39. Kf1 Qf3+ 40. Kg1 e2
41. Bf2 Ne3 0-1

[Event "II Festival Server24 A"]
[Site "Ortisei - Sankt Ulrich in Groeden ITA"]
[Date "2013.06.01"]
[Round "1"]
[White "Popilski, Gil"]
[Black "Burrows, Martin P."]
[WhiteElo "2515"]
[BlackElo "2137"]
[Result "1/2-1/2"]
[PlyCount "85"]
[EventDate "2013.06.01"]

1. e4 c5 2. Nf3 d6 3. d4 cxd4 4. Nxd4 Nf6 5. Nc3 a6 6. Qf3 e6 7. Be3 Qc7 8. g4
Nc6 9. g5 Nd7 10. O-O-O b5 11. Nxc6 Qxc6 12. Bd4 Bb7 13. a3 Rc8 14. Qh3 e5 15.
Be3 g6 16. Rd2 Nc5 17. f3 Qd7 18. Qg3 Ne6 19. Nd5 Bxd5 20. exd5 Nf4 21. Bxf4
exf4 22. Qh4 Rc5 23. Bh3 Qc7 24. Re1+ Kd8 25. Qxf4 Bg7 26. Re4 Re8 27. Rde2 Re5
28. Qh4 Rcxd5 29. Qxh7 Qb6 30. Qg8+ Ke7 31. Re1 Rxe4 32. fxe4 Bxb2+ 33. Kxb2
Rxg5 34. Rf1 Qd4+ 35. Kb1 Qc4 36. Qg7 Rh5 37. Qf6+ Ke8 38. Bc8 Rxh2 39. Ka1
Rxc2 40. Qh8+ Ke7 41. Qf6+ Ke8 42. Qh8+ Ke7 43. Qf6+ 1/2-1/2

[Event "II Festival Server24 A"]
[Site "Ortisei - Sankt Ulrich in Groeden ITA"]
[Date "2013.06.01"]
[Round "1"]
[White "Reinkoester, Michael"]
[Black "Fierro Baquero, Martha Lorena"]
[WhiteElo "2035"]
[BlackElo "2364"]
[Result "0-1"]
[PlyCount "92"]
[EventDate "2013.06.01"]

1. e4 g6 2. d4 Bg7 3. Nf3 c6 4. Nc3 d6 5. Be2 Nf6 6. Be3 O-O 7. O-O Nbd7 8. Qd2
Ng4 9. Bg5 f6 10. Bc4+ Kh8 11. Bh4 e5 12. Rad1 Qe7 13. a4 Nh6 14. dxe5 dxe5 15.
Qd6 Qxd6 16. Rxd6 Nf7 17. Rd2 Bh6 18. Rd3 g5 19. Bg3 Nc5 20. Rdd1 a5 21. h3 g4
22. hxg4 Bxg4 23. Bh4 Kg7 24. Rfe1 Nh8 25. Rd6 Ng6 26. Nh2 Bh5 27. Bxf6+ Rxf6
28. Rxf6 Kxf6 29. g4 Bd2 30. Rd1 Bxc3 31. gxh5 Bxb2 32. hxg6 hxg6 33. Rd6+ Kg7
34. f3 Re8 35. Ng4 Re7 36. Rd8 Nxa4 37. Rg8+ Kh7 38. Nf6+ Kh6 39. Rh8+ Kg5 40.
Nh7+ Kf4 41. Rf8+ Kg3 42. Nf6 Rg7 43. Be6 Nc5 44. Bg4 a4 45. Rh8 a3 46. Rh3+
Kf4 0-1

[Event "II Festival Server24 A"]
[Site "Ortisei - Sankt Ulrich in Groeden ITA"]
[Date "2013.06.01"]
[Round "1"]
[White "Roesch, Mario"]
[Black "Szczepkowska-Horowska, Karina"]
[WhiteElo "2045"]
[BlackElo "2375"]
[Result "0-1"]
[PlyCount "100"]
[EventDate "2013.06.01"]

1. e4 e5 2. Nf3 Nc6 3. Bc4 Nf6 4. d3 Be7 5. c3 O-O 6. Bb3 d5 7. Qe2 a5 8. O-O
a4 9. Bc2 Bg4 10. Re1 Re8 11. Nbd2 d4 12. c4 a3 13. h3 Bc8 14. Nf1 Bb4 15. N3d2
axb2 16. Bxb2 g6 17. a3 Bc3 18. Bxc3 dxc3 19. Nb3 Nh5 20. Ne3 Nd4 21. Nxd4 exd4
22. Nf1 Qg5 23. Qf3 Ra6 24. h4 Qxh4 25. g3 Qg5 26. Qg2 Qe7 27. a4 Bd7 28. f4
Rea8 29. e5 Bc6 30. Qf2 Qd7 31. Bd1 Ng7 32. Bf3 Bxf3 33. Qxf3 c6 34. Nh2 h5 35.
Qf2 Rxa4 36. Rxa4 Rxa4 37. Nf3 c5 38. Ng5 Qc6 39. Qc2 Ra6 40. Ne4 Nf5 41. Qb3
Kg7 42. Re2 Ra1+ 43. Kg2 b6 44. Ra2 Ne3+ 45. Kf3 Rxa2 46. Qxa2 c2 47. Qb2 Qe6
48. Nf2 Qc8 49. Ke2 Qa6 50. Ne4 Qa2 0-1

[Event "II Festival Server24 A"]
[Site "Ortisei - Sankt Ulrich in Groeden ITA"]
[Date "2013.06.01"]
[Round "1"]
[White "Saravanan, Venkatachalam"]
[Black "Abarca Gonzalez, Damaris"]
[WhiteElo "2371"]
[BlackElo "2042"]
[Result "1-0"]
[PlyCount "77"]
[EventDate "2013.06.01"]

1. d4 d5 2. Nf3 Nf6 3. c4 c6 4. e3 Bf5 5. Nc3 e6 6. Nh4 Bg4 7. Qb3 Qb6 8. h3
Bh5 9. g4 Bg6 10. Nxg6 hxg6 11. Bg2 Be7 12. Bd2 O-O 13. g5 Ne8 14. h4 Nd6 15.
c5 Qxb3 16. axb3 Nf5 17. b4 Nd7 18. b5 e5 19. bxc6 bxc6 20. Ne2 Rfe8 21. Kd1
Bd8 22. b4 exd4 23. exd4 Bc7 24. h5 gxh5 25. Rxh5 a6 26. Bh3 g6 27. Bxf5 gxf5
28. Rh3 Re4 29. Rf3 Rae8 30. Be3 f4 31. Nxf4 Bxf4 32. Rxf4 Rxf4 33. Bxf4 Ra8
34. Bd6 Kg7 35. Kd2 Kg6 36. f4 Kf5 37. Re1 Nf8 38. Re7 Kg6 39. f5+ 1-0

[Event "II Festival Server24 A"]
[Site "Ortisei - Sankt Ulrich in Groeden ITA"]
[Date "2013.06.01"]
[Round "1"]
[White "Solomon, Kenny"]
[Black "Spornberger, Andre"]
[WhiteElo "2414"]
[BlackElo "2073"]
[Result "1-0"]
[PlyCount "119"]
[EventDate "2013.06.01"]

1. Nf3 g6 2. d4 Bg7 3. c4 Nf6 4. Nc3 O-O 5. e4 d6 6. h3 e5 7. d5 Nbd7 8. Bg5 h6
9. Be3 b6 10. g4 Kh7 11. Bd3 Nc5 12. Bc2 a5 13. a3 Ng8 14. h4 Bxg4 15. Ng5+
Qxg5 16. hxg5 Bxd1 17. Rxd1 f6 18. b4 Na6 19. gxh6 Bxh6 20. Rb1 axb4 21. axb4
Kg7 22. Bxh6+ Nxh6 23. Ba4 f5 24. Bc6 Rad8 25. Rb3 Rh8 26. Bb7 Nb8 27. Nb5 Rd7
28. Rbh3 Re7 29. exf5 gxf5 30. Rg1+ Kh7 31. Rg5 Rf8 32. Bc8 Rxc8 33. Rgh5 Na6
34. Na7 Rce8 35. Rxh6+ Kg8 36. Nc6 Rg7 37. Rh8+ Kf7 38. Rxe8 Kxe8 39. Ra3 Nxb4
40. Nxb4 Rg4 41. Rc3 b5 42. Nc2 Re4+ 43. Kf1 bxc4 44. Ne3 Kd7 45. Rxc4 Rxc4 46.
Nxc4 c6 47. dxc6+ Kxc6 48. Ne3 Kd7 49. Ke2 Ke6 50. Kd3 d5 51. Nc2 Kd6 52. Ne3
Ke6 53. Ng2 Kf6 54. Kc3 f4 55. Kb4 Kf5 56. Kc5 d4 57. Ne1 Ke6 58. Kc4 Kd6 59.
Kd3 Kd5 60. f3 1-0

[Event "II Festival Server24 A"]
[Site "Ortisei - Sankt Ulrich in Groeden ITA"]
[Date "2013.06.01"]
[Round "1"]
[White "Tillmann, Marc"]
[Black "Cocchi, Andrea"]
[WhiteElo "2008"]
[BlackElo "2304"]
[Result "0-1"]
[PlyCount "162"]
[EventDate "2013.06.01"]

1. d4 Nf6 2. c4 e6 3. Nf3 d5 4. Nc3 c6 5. cxd5 exd5 6. Bg5 Be7 7. Qc2 Nbd7 8.
e3 Nh5 9. Bxe7 Qxe7 10. O-O-O Ndf6 11. Bd3 Be6 12. h3 g6 13. Rhe1 O-O-O 14. Kb1
Kb8 15. Rc1 Ng7 16. Qb3 Ne4 17. Re2 Rc8 18. Na4 Nf5 19. Rec2 f6 20. Nc5 Nxc5
21. Rxc5 Qd7 22. Qa4 Nd6 23. Nd2 Bf5 24. Qc2 Rhe8 25. Bxf5 Nxf5 26. Rc3 Nd6 27.
g4 Re7 28. Ra3 Rf7 29. Qa4 Nb5 30. Rb3 Rff8 31. Qb4 Qd6 32. a4 Qxb4 33. Rxb4
Nd6 34. Rb3 Rc7 35. Rbc3 f5 36. g5 Ne4 37. Nxe4 fxe4 38. b4 Kc8 39. b5 Kd7 40.
R3c2 Rf3 41. a5 Rf8 42. b6 axb6 43. axb6 Rcc8 44. Ra2 Ra8 45. Rb2 Ra6 46. Rg1
Rfa8 47. Rg4 Ra1+ 48. Kc2 Rf8 49. Kb3 Ra5 50. Kc3 Kd6 51. h4 Ra3+ 52. Kb4 Rfa8
53. Rb3 R8a4+ 54. Kc3 Ra2 55. Rb2 Rc4+ 56. Kb3 Rxb2+ 57. Kxb2 Rb4+ 58. Kc3 Rxb6
59. Rf4 Ke7 60. Rf6 Rb1 61. h5 gxh5 62. Rh6 Rf1 63. Rxh5 Rxf2 64. Rxh7+ Kd6 65.
Rxb7 Re2 66. g6 Rxe3+ 67. Kb2 Rg3 68. g7 Ke6 69. Rb6 Rxg7 70. Rxc6+ Kd7 71. Ra6
Rg3 72. Ra7+ Kc6 73. Ra6+ Kb5 74. Rd6 Kc4 75. Rc6+ Kxd4 76. Ra6 Rg2+ 77. Kc1 e3
78. Ra4+ Kd3 79. Ra3+ Ke4 80. Ra8 d4 81. Ra7 Rg1+ 0-1

[Event "II Festival Server24 A"]
[Site "Ortisei - Sankt Ulrich in Groeden ITA"]
[Date "2013.06.01"]
[Round "1"]
[White "Volkov, Sergey"]
[Black "Karl, Hans"]
[WhiteElo "2613"]
[BlackElo "2148"]
[Result "1-0"]
[PlyCount "67"]
[EventDate "2013.06.01"]

1. d4 d5 2. c4 c6 3. e3 Nf6 4. Bd3 e6 5. b3 Bd6 6. Bb2 Nbd7 7. Nf3 Qe7 8. Ne5
Nxe5 9. dxe5 Bb4+ 10. Nd2 Ne4 11. Bxe4 dxe4 12. O-O Bxd2 13. Qxd2 Bd7 14. Qd4
c5 15. Qxe4 Bc6 16. Qg4 O-O-O 17. f3 g6 18. e4 Rd3 19. h4 h5 20. Qf4 Rhd8 21.
Bc1 Qc7 22. Be3 Qa5 23. Qh6 b6 24. Bg5 R8d7 25. Qf8+ Kb7 26. Be7 Qc3 27. Bd6
Qd4+ 28. Kh1 Bxe4 29. fxe4 Qxe4 30. Rf2 Qxh4+ 31. Kg1 Qd4 32. Raf1 Ka6 33. Qc8+
Rb7 34. Qc6 1-0

[Event "II Festival Server24 A"]
[Site "Ortisei - Sankt Ulrich in Groeden ITA"]
[Date "2013.06.01"]
[Round "1"]
[White "Warakomski, Tomasz"]
[Black "Battistella, Stefano"]
[WhiteElo "2488"]
[BlackElo "2105"]
[Result "1-0"]
[PlyCount "51"]
[EventDate "2013.06.01"]

1. e4 e5 2. Nf3 Nf6 3. Nc3 Bb4 4. Nxe5 Qe7 5. Nd3 Bxc3 6. dxc3 Nxe4 7. Be2 O-O
8. O-O d6 9. Re1 Qf6 10. Bf1 Ng5 11. Nb4 Ne6 12. Nd5 Qd8 13. c4 Nd7 14. b3 Nf6
15. Bb2 Nxd5 16. Qxd5 Bd7 17. Qxb7 c6 18. Qb4 d5 19. cxd5 cxd5 20. Rad1 Rb8 21.
Qd6 Nc7 22. Ba3 Bg4 23. Qxf8+ Qxf8 24. Bxf8 Bxd1 25. Bd6 Re8 26. Rxd1 1-0

[Event "II Festival Server24 A"]
[Site "Ortisei - Sankt Ulrich in Groeden ITA"]
[Date "2013.06.02"]
[Round "2"]
[White "Abarca Gonzalez, Damaris"]
[Black "Meertens, Martin"]
[WhiteElo "2042"]
[BlackElo "2165"]
[Result "0-1"]
[PlyCount "136"]
[EventDate "2013.06.01"]

1. e4 c5 2. Nc3 Nc6 3. g3 g6 4. Bg2 Bg7 5. d3 e6 6. Be3 d6 7. Qd2 Rb8 8. Nge2
Nd4 9. Nc1 Ne7 10. Nd1 e5 11. h3 O-O 12. c3 Ne6 13. O-O d5 14. Bh6 b6 15. Bxg7
Kxg7 16. exd5 Nxd5 17. Ne3 Bb7 18. Ng4 f6 19. Re1 Qd6 20. Nb3 Ne7 21. Rad1 Bxg2
22. Kxg2 Qd5+ 23. f3 Ng5 24. Qe2 Nf5 25. h4 Ne6 26. Qe4 Rbd8 27. Kf2 Rfe8 28.
Rd2 a5 29. Red1 Qd7 30. Ne3 Nd6 31. Qg4 a4 32. Nc1 h5 33. Qh3 b5 34. Ne2 Qa7
35. c4 b4 36. g4 hxg4 37. Qxg4 Qf7 38. h5 g5 39. Rh1 Nd4 40. Ng3 Kh6 41. Ngf5+
N6xf5 42. Nxf5+ Nxf5 43. Qxf5 Rd4 44. Ke3 Rf4 45. Qg6+ Qxg6 46. hxg6+ Kxg6 47.
Rdh2 Rd4 48. Rh8 Rdd8 49. R1h6+ Kf5 50. Rxe8 Rxe8 51. Rh7 Re6 52. Rc7 g4 53.
fxg4+ Kxg4 54. Rxc5 f5 55. Rc8 Rg6 56. Re8 f4+ 57. Ke4 Kg3 58. Rxe5 f3 59. Rf5
Re6+ 60. Kd4 Re2 61. c5 Rxb2 62. Kc4 b3 63. axb3 a3 64. Kc3 Rg2 65. c6 a2 66.
Rg5+ Kf4 67. Ra5 f2 68. c7 Rg8 0-1